Kapitálový trh v SR

Bibliographic Details
Main Author: Horváth, Michal (Author)
Format: Article
Language:Slovak
ISSN:0862-9567
Subjects:

MARC

LEADER 00000nab a2200000 a 4500
001 vtls000512993
003 SK-MaSNL
005 20260303003819.0
008 140228c1994 xo 0 slo
015 |a SNBRB19rr/mm-uuuuu 
035 |a CL0513131 
040 |a SNKBUCL  |b slo  |c SNKBUCL  |e AACR2 
041 0 |a slo 
044 |a xo  |c SK 
080 |a 336.76(437.6)  |2 1981 
100 1 |a Horváth, Michal  |4 aut  |9 267031 
245 1 0 |a Kapitálový trh v SR  |c Michal Horváth 
650 0 7 |a trh kapitálový  |2 snkbucl  |9 288344 
655 7 |a články z novín a časopisov  |2 snkbucl  |9 267496 
773 0 |t Hospodárske noviny  |g Č. 26 (8. 2. 1994)  |x 0862-9567 
773 0 |t [Príl.] Burzové noviny  |g Č. 26, s. 5  |x 0862-9567 
850 |a Slovenská národná knižnica v Martine  |a MTA001 
852 |a SNK  |b KIS3GCP 
958 |a RK 
992 |a RBX 
999 |c 1574613  |d 1576543